01816agaaa2200313 45000010005000000030009000050050017000140070009000310080040000400400023000800410013001031000044001161300030001602400042001902450208002322460035004402500022004752600117004973000034006145080172006485110091008205200333009115380016012445460013012606500055012737000057013287000061013857000056014466906IT-RoPAU20220918181223.0d cvaizq50131s9999||||xx ||| | || ||und|| aIT-RoPAUcIT-RoPAU aITALIANO aLean DavidgCodice regista SPICS: 11248 aPONTE SUL FIUME KWAI (IL) aBRIDGE ON THE RIVER KWAY (THE)gT1817 aPONTE SUL FIUME KWAI (IL)cProdotto da: Spiegel Sam -- Sceneggiatura: Boulle Pierre Wilson Michael Foreman Carl -- Diretto da: Lean DavidpPONTE SUL FIUME KWAI (IL) (Rif. Codice opera principale : H6906) aBRIDGE ON THE RIVER KWAY (THE) aEdizione Standard aUSA (UK - USA)bSPIEGEL SAM - HORIZON / Distribuzione: PANORAMAg"1957 (1° ed.: 2006 ; Ed. Lingua Orig.: 1957)" aDVDbsonoro, col.c156 minuti a"Fotografia: Hildyard Jack; Montaggio: Taylor Peter; Musica: Arnold Malcolm; Sceneggiatura: Boulle Pierre Wilson Michael Foreman Carl; Scenografia: Ashton Donald M.; " a"Holden William; Guinnes Alec; Hawkins Jack; Hayakawa Sessue; Donald James; Sears Ann" a"STORIA EPICA DELLA COSTRUZIONE DEL PONTE SUL FIUME KWAI DA PARTE DI UN GRUPPO DI PRIGIONIERI INGLESI COMANDATI DAL COL. NICHOLSON E DELLA GRANDE AVVENTURA DEL COMMANDO ALLEATO MANDATO PER DISTRUGGERLO, IL GIORNO DELL'INAUGURAZIONE. VINCITORE DI 7 PREMI OSCAR. VITA IN U CAMPO DI CONCENTRAMENTO GIAPPONESE; OSTINAZIONE INGLESE." aPAL, STEREO aITALIANO aGUERRAeDVD-FILM [DVD]xCodice MATERIA SPICS: 9947 aArnold Malcolme(musica)gCodice Musica SPICS: 13893 aBoulle Pierre e(soggetto)gCodice Soggetto SPICS: 30928 aLean David e(regista)gCodice regista SPICS: 11248